|
|
|
|
| LEADER |
00000nab a2200000 a 4500 |
| 001 |
vtls000784355 |
| 003 |
SK-MaSNL |
| 005 |
20260319074912.0 |
| 008 |
141024c2002 xo 0 hun |
| 015 |
|
|
|a SNBRB2002/02-06190
|
| 035 |
|
|
|a CLN000136030
|
| 040 |
|
|
|a SNKBUCL
|b slo
|c SNKBUCL
|e AACR2
|
| 041 |
0 |
|
|a hun
|
| 044 |
|
|
|a xo
|c SK
|
| 080 |
|
|
|a 159.947.3-053.2
|2 1997
|
| 080 |
|
|
|a 159.922.73-053.2
|2 1997
|
| 100 |
1 |
|
|a Stredl, Terézia,
|d 1952-
|4 aut
|9 107200
|
| 245 |
1 |
0 |
|a Magatartászavarok sorozatban
|c Stredl Terézia
|
| 300 |
|
|
|b Fotogr.
|
| 650 |
0 |
7 |
|a poruchy správania
|x deti
|2 snkbucl
|9 844349
|
| 650 |
0 |
7 |
|a deti
|x poruchy správania
|2 snkbucl
|9 848933
|
| 655 |
|
7 |
|a články z novín a časopisov
|2 snkbucl
|9 267496
|
| 773 |
0 |
|
|t Katedra
|g Roč. 9, č. 5 (2002), s. 14-15
|x 1335-6445
|
| 850 |
|
|
|a Slovenská národná knižnica v Martine
|
| 852 |
|
|
|a SNK
|b KIS3GCP
|
| 999 |
|
|
|c 1365900
|d 1367830
|